<?xml version="1.0" encoding="UTF-8"?><?xml-stylesheet type="text/xsl" href="static/style.xsl"?><OAI-PMH xmlns="http://www.openarchives.org/OAI/2.0/" xmlns:xsi="http://www.w3.org/2001/XMLSchema-instance" xsi:schemaLocation="http://www.openarchives.org/OAI/2.0/ http://www.openarchives.org/OAI/2.0/OAI-PMH.xsd"><responseDate>2026-04-17T14:48:09Z</responseDate><request verb="GetRecord" identifier="oai:www.recercat.cat:10256/27566" metadataPrefix="marc">https://recercat.cat/oai/request</request><GetRecord><record><header><identifier>oai:recercat.cat:10256/27566</identifier><datestamp>2025-10-25T08:59:49Z</datestamp><setSpec>com_2072_452992</setSpec><setSpec>com_2072_2054</setSpec><setSpec>col_2072_452995</setSpec></header><metadata><record xmlns="http://www.loc.gov/MARC21/slim" xmlns:dcterms="http://purl.org/dc/terms/" xmlns:xsi="http://www.w3.org/2001/XMLSchema-instance" xmlns:doc="http://www.lyncode.com/xoai" xsi:schemaLocation="http://www.loc.gov/MARC21/slim http://www.loc.gov/standards/marcxml/schema/MARC21slim.xsd">
   <leader>00925njm 22002777a 4500</leader>
   <datafield ind2=" " ind1=" " tag="042">
      <subfield code="a">dc</subfield>
   </datafield>
   <datafield ind2=" " ind1=" " tag="720">
      <subfield code="a">Clop, Alex</subfield>
      <subfield code="e">author</subfield>
   </datafield>
   <datafield ind2=" " ind1=" " tag="720">
      <subfield code="a">Pauné, Ferran</subfield>
      <subfield code="e">author</subfield>
   </datafield>
   <datafield ind2=" " ind1=" " tag="260">
      <subfield code="c">2025-10</subfield>
   </datafield>
   <datafield ind2=" " ind1=" " tag="520">
      <subfield code="a">Premi de recerca Guilleries 2023</subfield>
   </datafield>
   <datafield ind2=" " ind1=" " tag="520">
      <subfield code="a">Amb autorització de comunicació pública per part dels titulars del copyright</subfield>
   </datafield>
   <datafield ind2=" " ind1=" " tag="520">
      <subfield code="a">Aquest treball, contribueix a desxifrar la història ecològica de les Guilleries, avaluant els canvis en la biodiversitat dels microorganismes (bacteris i fongs) del sòl en funció de quan s'hi van anar abandonant els espais oberts, de pastura. Mitjançant l'anàlisi de l'ADN microbià del sòl, els autors proven de trobar indicadors de l'evolució històrica dels antics ecosistemes oberts -habitualment vinculats a l'activitat herbívora- que siguin útils avui per detectar els llocs susceptibles d'aclarida en mosaic i, per tant, de millora de la resiliència del terreny</subfield>
   </datafield>
   <datafield ind2=" " ind1=" " tag="520">
      <subfield code="a">Aquest treball ha rebut el Premi de Recerca Guilleries 2023, atorgat per la Càtedra interuniversitària de l'Aigua, Natura i Benestar, impulsada per l'Ajuntament de Sant Hilari Sacalm, la Universitat de Vic - Universitat Central de Catalunya i la Universitat de Girona</subfield>
   </datafield>
   <datafield ind2=" " ind1=" " tag="520">
      <subfield code="a">Aquest treball, a més del Premi de Recerca Guilleries 2023, ha tingut el suport del Programa CERCA/Generalitat de Catalunya. Ha comptat amb el suport financer de l'Agència de Gestió d'Ajuts Universitaris i de Recerca (AGAUR) de la Generalitat de Catalunya (número d'ajut 2021 SGR 01176) i del Ministeri de Ciència i Innovació d'Espanya, mitjançant el Programa Severo Ochoa per a Centres d'Excel·lència en R+D+I 2020–2023 (subvenció CEX2019-000902-S finançada per MCIN / AEI/ 10.13039 / 501100011033) i atorgada al CRAG. També ha comptat amb el suport financer de MCIU/AEI/ 10.13039/501100011033 i de la Unió Europea, com a part de l'actuació PCI2024-153470, i dels programes BERC 2022-2024 i acreditació María de Maeztu per a Centres d'Excel·lència en R+D+I 2023–2026 (subvenció CEX2021-001201-M, finançada per MCIN/AEI/ 1013039/ 501100011033) i atorgada al BC3</subfield>
   </datafield>
   <datafield ind2=" " ind1=" " tag="520">
      <subfield code="a">13</subfield>
   </datafield>
   <datafield ind2=" " ind1=" " tag="520">
      <subfield code="a">15</subfield>
   </datafield>
   <datafield ind1="8" ind2=" " tag="024">
      <subfield code="a">http://hdl.handle.net/10256/27566</subfield>
   </datafield>
   <datafield tag="653" ind2=" " ind1=" ">
      <subfield code="a">Guilleries (Catalunya : Massís)</subfield>
   </datafield>
   <datafield tag="653" ind2=" " ind1=" ">
      <subfield code="a">Guilleries (Catalonia : Mountain)</subfield>
   </datafield>
   <datafield tag="653" ind2=" " ind1=" ">
      <subfield code="a">Sòls -- Microbiologia</subfield>
   </datafield>
   <datafield tag="653" ind2=" " ind1=" ">
      <subfield code="a">Soil microbiology</subfield>
   </datafield>
   <datafield ind2="0" ind1="0" tag="245">
      <subfield code="a">Recerca d'indicadors potencials del passat pastoral dels boscos de les Guilleries mitjançant la metagenòmica del sòl</subfield>
   </datafield>
</record></metadata></record></GetRecord></OAI-PMH>